401(k) plans and future patterns of retirement saving (Registro nro. 30646)
[ vista simple ]
| 000 -CABECERA | |
|---|---|
| Longitud fija campo de control | 01629naa a2200397 c 4500 |
| 001 - NÚMERO DE CONTROL | |
| Número de control | 30646 |
| 003 - IDENTIFICADOR DE NÚMERO DE CONTROL | |
| Identificador del número de control | ES-MaCES |
| 005 - FECHA Y HORA DE LA ÚLTIMA TRANSACCIÓN | |
| Fecha y hora de la última transacción | 19981124162300.0 |
| 008 - CAMPO FIJO DE DESCRIPCIÓN FIJA--INFORMACIÓN GENERAL | |
| Códigos de información de longitud fija | 980924n1998 xxu ||| | eng d |
| 035 ## - NÚMERO DE CONTROL DEL SISTEMA | |
| Número de control del sistema | CES19980045975v |
| 040 ## - FUENTE DE CATALOGACIÓN | |
| Centro catalogador de origen | ES-MaCES |
| Lengua de catalogación | spa |
| Centro transcriptor | ES-MaCES |
| 100 1# - ENCABEZAMIENTO PRINCIPAL--NOMBRE PERSONAL | |
| Nombre de persona | Poterba, James M. |
| 9 (RLIN) | 21281 |
| 245 10 - MENCIÓN DE TÍTULO | |
| Título | 401(k) plans and future patterns of retirement saving |
| Mención de responsabilidad, etc. | by James M. Poterva, Steven F. Venti, and David A. Wise |
| 246 3# - FORMA VARIANTE DEL TÍTULO | |
| Título propio ; Título en breve | Four hundred and one (k) plans and future patterns of retirement saving |
| 500 ## - NOTA GENERAL | |
| Nota general | Contiene gráf. |
| 500 ## - NOTA GENERAL | |
| Nota general | Ponencia presentada al 'Hundred and Thenth Annual Meeting of the American Economic Association', Chicago, IL, January 3-5, 1998 |
| 504 ## - NOTA DE BIBLIOGRAFÍA, ETC. | |
| Nota de bibliografía, etc. | Bibliografía: p. 184 |
| 650 #4 - ASIENTO SECUNDARIO DE MATERIA--TÉRMINO DE MATERIA | |
| Término de materia o nombre geográfico como elemento inicial | cuadros estadísticos |
| 9 (RLIN) | 28890 |
| 650 #4 - ASIENTO SECUNDARIO DE MATERIA--TÉRMINO DE MATERIA | |
| Término de materia o nombre geográfico como elemento inicial | reforma administrativa |
| 9 (RLIN) | 27223 |
| 650 #4 - ASIENTO SECUNDARIO DE MATERIA--TÉRMINO DE MATERIA | |
| Término de materia o nombre geográfico como elemento inicial | administración de la seguridad social |
| 9 (RLIN) | 30264 |
| 650 #4 - ASIENTO SECUNDARIO DE MATERIA--TÉRMINO DE MATERIA | |
| Término de materia o nombre geográfico como elemento inicial | Estados Unidos |
| 9 (RLIN) | 28373 |
| 650 #4 - ASIENTO SECUNDARIO DE MATERIA--TÉRMINO DE MATERIA | |
| Término de materia o nombre geográfico como elemento inicial | régimen privado de pensión |
| 9 (RLIN) | 30260 |
| 650 #4 - ASIENTO SECUNDARIO DE MATERIA--TÉRMINO DE MATERIA | |
| Término de materia o nombre geográfico como elemento inicial | protección complementaria |
| 9 (RLIN) | 30466 |
| 650 #4 - ASIENTO SECUNDARIO DE MATERIA--TÉRMINO DE MATERIA | |
| Término de materia o nombre geográfico como elemento inicial | régimen de pensión |
| 9 (RLIN) | 27042 |
| 650 #4 - ASIENTO SECUNDARIO DE MATERIA--TÉRMINO DE MATERIA | |
| Término de materia o nombre geográfico como elemento inicial | fondo de jubilaciones |
| 9 (RLIN) | 29816 |
| 650 #4 - ASIENTO SECUNDARIO DE MATERIA--TÉRMINO DE MATERIA | |
| Término de materia o nombre geográfico como elemento inicial | prestaciones de vejez |
| 9 (RLIN) | 27041 |
| 650 #4 - ASIENTO SECUNDARIO DE MATERIA--TÉRMINO DE MATERIA | |
| Término de materia o nombre geográfico como elemento inicial | jubilación |
| 9 (RLIN) | 28360 |
| 653 10 - TÉRMINO DE INDEXACIÓN--NO CONTROLADO | |
| Término no controlado | Seguridad Social |
| 700 1# - ENCABEZAMIENTO SECUNDARIO--NOMBRE PERSONAL | |
| Nombre de persona | Wise, David A. |
| 9 (RLIN) | 26340 |
| 700 1# - ENCABEZAMIENTO SECUNDARIO--NOMBRE PERSONAL | |
| Nombre de persona | Venti, Steven F. |
| 9 (RLIN) | 25697 |
| 710 2# - ENCABEZAMIENTO SECUNDARIO--NOMBRE CORPORATIVO | |
| Nombre de entidad o nombre de jurisdicción como elemento inicial | American Economic Association |
| Unidad subordinada | Annual Meeting |
| Número del congreso o número de parte o sección de la obra | 110ª |
| Fecha del congreso o de la firma de un tratado | 1998 |
| Sede del congreso | Chicago |
| 9 (RLIN) | 1307 |
| 773 0# - ENTRADA DE DOCUMENTO FUENTE | |
| Título | The American economic review |
| Parte(s) relacionada(s) | Nashville, Tennessee. - Vol. 88, no. 2 (May 1998) ; p. 179-184 |
| Número de control del registro relacionado | (ES-MaCES)25404 |
| 902 ## - CES. TIPO DE DOCUMENTO | |
| Tipodoc (006$c Sirtex) | ART Artículo de revista |
| 942 ## - ELEMENTOS KOHA | |
| Fuente de clasificaión o esquema | Clasificación propia del CES |
| Koha [por defecto] tipo de item | Artículos (1982-2017) |
| Parte de clasificación | 3.0. |
No hay ítems disponibles.
